№№ 3-4 (вып. 40): Вольная губерния ( Саратовская область); Памятники Отечества; Видение красного коня; Дом Чапаева; Путешествие в "Швамьранию"; Шаги по земле
| Parent link: | Памятники Отечества: Альманах/ Всероссийское общество охраны памятников истории и культуры ; ред. И. В. Петрянов-Соколов. №№ 3-4 ( вып.40): Вольная губерния (Саратовская область).— , 1981- |
|---|---|
| Tác giả khác: | |
| Ngôn ngữ: | Tiếng Nga |
| Được phát hành: |
1998
|
| TOC: | В. Бородина, Видение красного коня; Т. Розова, Дом Чапаева; Е. Бесчетнова, Путешествие в "Швамьранию"; В. Россошанский, Шаги по земле; |
| Loạt: | Вся Россия |
| Những chủ đề: | |
| Định dạng: | MixedMaterials Sách |
| KOHA link: | https://koha.lib.tpu.ru/cgi-bin/koha/opac-detail.pl?biblionumber=8551 |
MARC
| LEADER | 00000nam2a2200000 4500 | ||
|---|---|---|---|
| 001 | 8551 | ||
| 005 | 20251208114341.0 | ||
| 035 | |a (RuTPU)RU\TPU\book\8600 | ||
| 035 | |a BOOK00008659 | ||
| 090 | |a 8551 | ||
| 100 | |a 20011209d1998 m y0rusy50 ca | ||
| 101 | 0 | |a rus | |
| 102 | |a RU | ||
| 105 | |a a z 000zd | ||
| 200 | 0 | |a №№ 3-4 (вып. 40): Вольная губерния ( Саратовская область) |f Гл.ред. С. Н. Разгонов | |
| 210 | |d 1998 | ||
| 215 | |a 191 с. | ||
| 225 | 1 | |a Вся Россия | |
| 461 | 1 | |0 (RuTPU)RU\TPU\book\145950 |t Памятники Отечества |o Альманах |f Всероссийское общество охраны памятников истории и культуры ; ред. И. В. Петрянов-Соколов |v №№ 3-4 ( вып.40): Вольная губерния (Саратовская область) |d 1981- | |
| 464 | |t Видение красного коня |f В. Бородина | ||
| 464 | |t Дом Чапаева |f Т. Розова | ||
| 464 | |t Путешествие в "Швамьранию" |f Е. Бесчетнова | ||
| 464 | |t Шаги по земле |f В. Россошанский | ||
| 600 | 1 | |a Гагарин |b Ю. А. |c российский летчик-космонавт |c Герой Советского Союза |f 1934-1968 |g Юрий Алексеевич |2 stltpush |3 (RuTPU)RU\TPU\pers\50 |9 33 | |
| 600 | 1 | |a Кассиль |b Л. А. |c детский писатель |c член-корреспондент АПН СССР |f 1905-1970 |g Лев Абрамович |2 stltpush |3 (RuTPU)RU\TPU\pers\21662 |9 9125 | |
| 600 | 1 | |a Петров-Водкин |b К. С. |g Кузьма Сергеевич |c российский живописец |f 1878-1939 |2 stltpush |3 (RuTPU)RU\TPU\pers\12325 | |
| 600 | 1 | |a Пугачев |g Емельян Иванович |b Е. И. |c донской казак |c предводитель Крестьянской войны 1773 - 1775 |f 1740/1742-1775 |2 stltpush |3 (RuTPU)RU\TPU\pers\1267 | |
| 600 | 1 | |a Чапаев |b В. И. |c участник Гражданской войны |f 1887-1919 |g Василий Иванович |2 stltpush |3 (RuTPU)RU\TPU\pers\13427 |9 4082 | |
| 610 | 1 | |a краеведение | |
| 610 | 1 | |a история | |
| 610 | 1 | |a Поволжье | |
| 610 | 1 | |a альманахи | |
| 610 | 1 | |a Саратовская губерния | |
| 610 | 1 | |a Саратовская область | |
| 610 | 1 | |a малые города | |
| 675 | |a 725.94 |v 3 | ||
| 702 | 1 | |a Разгонов |b С. Н. |4 340 | |
| 801 | 0 | |a RU |b 63413507 |c 20011209 |g PSBO | |
| 801 | 2 | |a RU |b 63413507 |c 20210928 |g PSBO | |
| 942 | |c BK | ||